| 000 | 01001nas a2200253Ia 4500 | ||
|---|---|---|---|
| 001 | R703/D9298 | ||
| 003 | IT-RoPAU | ||
| 008 | 151124c99999999xx |||||||||||| ||und|| | ||
| 040 | _aIT-RoPAU | ||
| 040 | _cIT-RoPAU | ||
| 041 | _aINGLESE | ||
| 100 |
_aVioli Patrizia _gCodice Aut. SPICS: 637 |
||
| 210 | _aSEMIOTICA | ||
| 222 | _aSemiotica | ||
| 245 |
_aSEMIOTICA, VOL.110-N.1/2 (1996) _bSemiotics And Cognitive Science: A Time To Meet? |
||
| 250 | _a1a ed. | ||
| 260 |
_aBERLIN _bWALTER DE GRUYTER & CO _c1996 |
||
| 501 |
_bPaulus - SPICS - Società San Paolo EM (non-commercial uses only) _cCopyright2015 |
||
| 300 | _a14 p. [157-170] | ||
| 362 | _aVOL.110, N.1/2 (1996) | ||
| 500 | _aSemiotica e Scienza Cognitiva: Articolo di Recensione del Volume di Ray Jackendoff: Languages Of The Mind: Essays On Mental Representation, del 1992.Jackendoff e la Situazione dell'Arte nella Semantica Cognitiva. Modello Morfodinamico. | ||
| 650 |
_aSEMIOTICA _vPUBBLICAZIONE PERIODICA |
||
| 942 | _cCR | ||
| 999 |
_c182896 _d182896 |
||